000 01052cam a22002658a 4500
005 20090827101948.0
008 070619s2008 njuab b 001 0 eng
010 _aENG-95419
020 _a9788120338395
_c450.00
035 _aEN-78952
037 _bDBAD/PUB
040 _aDPL
_beng
082 _a660
100 _aHimmelblau, David M.
245 _aBasic principles and calculations in chemical engieering /
_cby David M. Himmelblau [and] James B. Riggs
250 _a7th ed
260 _aNew Delhi
_bPHI Learning
_c2009
270 _aM-97, Connaught Circus
_bNew Delhi
_e110001
300 _axxx, 1120p.
_c24 cm (pbk)
_e CD-Rom
500 _aIncludes index
700 _aRiggs, James B.
942 _2ddc
_cEN
_mHIM
_h660
999 _c31713
_d31713